00732nam a2200205 a 450000100100000000500170001000800410002702000150006804000250008308200160010810000170012424500840014126000520022530000210027750000330029850000420033150400740037353400510044770000280049800002485020200930023415.0110207s1976 xxu r 001 0 spa d a0311090770 aDO-SdBNPbspacBNPHU axxxxbS779t1 aStagg, Frank10aTeología del nuevo testamento /cFrank Stagg , traducción Arnoldo Canclini. aTexas :bCasa Bautista de Publicaciones,c1976. a345 p. ;c21 cm. aIncluye índice de asuntos. aIncluye índice de citas bíblicas. aIncluye referencias bibliográficas y notas al pie de las páginas. tNew testament theology.cBroadman press, 1962.1 aCanclini, Arnoldo,etr.